banner koha

Irrigacao de graos [custo de producao, Brasil] (Registro n. 334269)

MARC details
000 -LÍDER
campo de controle de tamanho fixo 01099naa a22003257a 4500
001 - NÚMERO DE CONTROLE
campo de controle BR8204233
003 - IDENTIFICADOR DO NÚMERO DE CONTROLE
campo de controle BR-BrBNA
005 - DATA E HORÁRIO DA ÚLTIMA TRANSAÇÃO
campo de controle 20250721143207.0
007 - CAMPO FIXO DE DESCRIÇÃO FÍSICA--INFORMAÇÃO GERAL
campo de controle de tamanho fixo ta
008 - CAMPO DE DADOS FIXOS--INFORMAÇÃO GERAL
campo de controle de tamanho fixo 250630b bl.|||m| |||| 00| 0 por d
040 ## - FONTE DA CATALOGAÇÃO
Instituição da catalogação original BR-BrBNA
Idioma da catalogação por
Instituição que transcreveu o registro Biblioteca Nacional de Agricultura
041 ## - CÓDIGO DE IDIOMA
Código do idioma do texto/trilha sonora ou título diferente (Pt)
072 ## - CÓDIGO DE CATEGORIA DE ASSUNTO
Código de Categoria de Assunto F27; P12
Código do objeto 0180
-- 0120
-- 0170
-- 1410
-- 0150
-- G514
090 ## - NÚMERO DE CHAMADA LOCAL
Número de chamada F27 BR8204233
100 1# - ENTRADA PRINCIPAL--NOME PESSOAL
Nome pessoal Rodriguez, F.A.
245 1# - TÍTULO
Título Irrigacao de graos [custo de producao, Brasil]
490 ## - TÍTULO DA SÉRIE
Título da série Informacao Tecnica - Programa Nacional para Aproveitamento de Varzeas Irrigaveis (Brazil)
Número do volume ou designação sequencial da série no. 2
500 ## - NOTA GERAL
Nota geral PROVARZEAS Nacional. 1 hectare vale por dez<br/>Brasilia, DF (Brasil): 1982. p. 139-145 [7 ref.]<br/>(BR8204233-AMS)<br/>
650 ## - ASSUNTO--TERMO TÓPICO
Cabeçalho tópico ou nome geográfico TRIGO
650 ## - ASSUNTO--TERMO TÓPICO
Cabeçalho tópico ou nome geográfico MILHO
650 ## - ASSUNTO--TERMO TÓPICO
Cabeçalho tópico ou nome geográfico SORGO
650 ## - ASSUNTO--TERMO TÓPICO
Cabeçalho tópico ou nome geográfico FEIJAO
650 ## - ASSUNTO--TERMO TÓPICO
Cabeçalho tópico ou nome geográfico ARROZ
650 ## - ASSUNTO--TERMO TÓPICO
Cabeçalho tópico ou nome geográfico CUSTO DE PRODUCAO
650 ## - ASSUNTO--TERMO TÓPICO
Cabeçalho tópico ou nome geográfico IRRIGACAO
650 ## - ASSUNTO--TERMO TÓPICO
Cabeçalho tópico ou nome geográfico CULTURA IRRIGADA
773 0# - ENTRADA ANALÍTICA
Título PROVARZEAS Nacional. 1 hectare vale por dez
Número de controle do registro F27 BR8204233
Partes relacionadas Brasilia, DF (Brasil), 1982. p. 139-145
942 ## - ELEMENTOS DE ENTRADA ADICIONADOS (KOHA)
Tipo de material Koha Analítica de Monografia Seriada
Fonte da classificação ou esquema de arquivamento na estante Classificação AGRIS
909 ## -
-- 202506
-- Lúcia
-- 55
-- Lúcia Elande
Exemplares
Situação do descarte Fonte da classificação ou esquema de arquivamento na estante Situação física Não pode ser emprestado Coleção Biblioteca de origem Biblioteca atual Total de empréstimos Data de último acesso Número do exemplar Tipo de material Koha Situação das perdas Data de aquisição Fonte de aquisição
  Classificação AGRIS       Biblioteca Nacional de Agricultura - Binagri Biblioteca Nacional de Agricultura - Binagri   30/06/2025 01 Analítica de Monografia Seriada   2025-06-30 Portaria Interministerial nº 164/94

BINAGRI

Telefone: (61)3218-2567/2388/3357/2097 - binagri@agro.gov.br

Ministério da Agricultura e Pecuária , Esplanada dos Ministérios, Bloco D, Anexo B, Brasília/DF, CEP: 70.043-900